000
00326nam a2200133Ia 4500
005
20251222144833.0
008
251222s9999||||xx |||||||||||||| ||spa||
020
_a
970-181178-X
082
_a
974.014/G77
100
_a
Graulich, Michel
245
0
_a
Ritos Aztecas:
264
_b
Instituto Nacional Indigenista
942
_c
LIB
999
_c
20923
_d
20923